[Event "Verbandsliga Sued Baden 0708"]
[Site "Germany"]
[Date "2008.02.17"]
[Round "6.1"]
[White "Schulz, Wladimir"]
[Black "Gattenloehner, Sebastian"]
[Result "1-0"]
[WhiteElo "2140"]
[BlackElo "2164"]
[PlyCount "97"]
[EventDate "2007.10.14"]
[EventType "team"]
[EventRounds "9"]
[EventCountry "GER"]
[SourceTitle "EXT 2009"]
[Source "ChessBase"]
[SourceDate "2008.11.26"]
[SourceVersion "1"]
[SourceVersionDate "2008.11.26"]
[SourceQuality "1"]
[WhiteTeam "Kehl"]
[BlackTeam "Engen"]
[WhiteTeamCountry "GER"]
[BlackTeamCountry "GER"]

1. Nf3 d5 2. d4 Nf6 3. c4 c6 4. Nc3 e6 5. e3 Nbd7 6. Bd3 dxc4 7. Bxc4 b5 8. Bd3 Bb7 9. 0-0 a6 10. e4 c5 11. e5 cxd4 12. Nxb5 axb5 13. exf6 Qxf6 14. Bxb5 Bxf3 15. Qxf3 Qxf3 16. gxf3 Bd6 17. f4 Ke7 18. Bxd7 Kxd7 19. Rd1 Ke7 20. Rxd4 Rhb8 21. a4 Rb3 22. Rc4 e5 23. Ra2 Ke6 24. fxe5 Bxe5 25. a5 Ra6 26. Rc2 Kf5 27. Bd2 Ke4 28. Bc3 Bf4 29. f3+ Kd3 30. Rg2 g5 31. Ra4 Be3+ 32. Kf1 Rb5 33. Ra3 Kc4 34. Rc2 Bc5 35. Bd2+ Kd5 36. Rd3+ Ke6 37. Bc3 Bd6 38. Re2+ Kf5 39. Re4 Bxh2 40. Red4 Kg6 41. Rd5 Rb3 42. Bd2 Rxb2 43. Rxg5+ Kf6 44. Rh5 Rb1+ 45. Kg2 Bd6 46. Rh6+ Ke7 47. Bg5+ Kd7 48. Bf4 Rxa5 49. Rhxd6+ 1-0

[Event "Verbandsliga Sued Baden 0607"]
[Site "Germany"]
[Date "2007.04.29"]
[Round "9.2"]
[White "Schulz, Wladimir"]
[Black "Eiler, Joerg"]
[Result "0-1"]
[WhiteElo "2144"]
[BlackElo "2116"]
[PlyCount "64"]
[EventDate "2006.10.22"]
[EventType "team"]
[EventRounds "9"]
[EventCountry "GER"]
[SourceTitle "EXT 2008"]
[Source "ChessBase"]
[SourceDate "2007.11.25"]
[SourceVersion "1"]
[SourceVersionDate "2007.11.25"]
[SourceQuality "1"]
[WhiteTeam "Kehl"]
[BlackTeam "Iffezheim"]
[WhiteTeamCountry "GER"]
[BlackTeamCountry "GER"]

1. Nf3 d5 2. d4 Nf6 3. c4 c6 4. Nc3 e6 5. e3 Nbd7 6. Bd3 dxc4 7. Bxc4 b5 8. Bd3 a6 9. e4 c5 10. e5 cxd4 11. Nxb5 axb5 12. exf6 gxf6 13. 0-0 Qb6 14. Be4 Bb7 15. Bxb7 Qxb7 16. Nxd4 Rg8 17. g3 Bc5 18. Qf3 Qxf3 19. Nxf3 Ke7 20. Re1 Rg4 21. Be3 Rga4 22. a3 b4 23. Bxc5+ Nxc5 24. Re3 Rd8 25. Rc1 Rd5 26. Rc4 bxa3 27. Rxa4 Nxa4 28. bxa3 Rd1+ 29. Kg2 Nc5 30. Rc3 Kd6 31. Rc2 Ne4 32. Re2 f5 0-1

[Event "Verbandsliga Sued Baden 0607"]
[Site "Germany"]
[Date "2007.03.11"]
[Round "7.2"]
[White "Schwing, Hans Elmar"]
[Black "Schulz, Wladimir"]
[Result "1/2-1/2"]
[WhiteElo "2173"]
[BlackElo "2164"]
[PlyCount "28"]
[EventDate "2006.10.22"]
[EventType "team"]
[EventRounds "9"]
[EventCountry "GER"]
[SourceTitle "EXT 2008"]
[Source "ChessBase"]
[SourceDate "2007.11.25"]
[SourceVersion "1"]
[SourceVersionDate "2007.11.25"]
[SourceQuality "1"]
[WhiteTeam "Lahr"]
[BlackTeam "Kehl"]
[WhiteTeamCountry "GER"]
[BlackTeamCountry "GER"]

1. d4 d5 2. c4 e6 3. Nf3 c6 4. e3 f5 5. Be2 Nf6 6. 0-0 Bd6 7. b3 Qe7 8. Bb2 0-0 9. Nbd2 b6 10. Rc1 Bb7 11. Ne5 c5 12. Bd3 Nbd7 13. Qe2 Ne4 14. f4 Nxd2 1/2-1/2

[Event "Verbandsliga Sued Baden 0607"]
[Site "Germany"]
[Date "2006.10.22"]
[Round "1.3"]
[White "Schulz, Wladimir"]
[Black "Buttenmueller, Thomas"]
[Result "0-1"]
[WhiteElo "2176"]
[BlackElo "2157"]
[PlyCount "80"]
[EventDate "2006.10.22"]
[EventType "team"]
[EventRounds "9"]
[EventCountry "GER"]
[SourceTitle "EXT 2008"]
[Source "ChessBase"]
[SourceDate "2007.11.25"]
[SourceVersion "1"]
[SourceVersionDate "2007.11.25"]
[SourceQuality "1"]
[WhiteTeam "Kehl"]
[BlackTeam "Horben"]
[WhiteTeamCountry "GER"]
[BlackTeamCountry "GER"]

1. Nf3 c5 2. c4 e6 3. Nc3 Nc6 4. d4 cxd4 5. Nxd4 Nge7 6. Ndb5 Ng6 7. Nd6+ Bxd6 8. Qxd6 Qe7 9. Qd1 0-0 10. e3 Rd8 11. Be2 d5 12. cxd5 exd5 13. Nb5 d4 14. Nxd4 Nf4 15. exf4 Nxd4 16. Be3 Qb4+ 17. Kf1 Qxb2 18. Rb1 Qxa2 19. Ra1 Qd5 20. Ra4 Nxe2 21. Qxd5 Rxd5 22. Kxe2 a5 23. Rd4 Be6 24. Ra1 b5 25. Rxd5 Bxd5 26. Bb6 a4 27. Rd1 Bxg2 28. Rd8+ Rxd8 29. Bxd8 f6 30. Ke3 Kf7 31. f5 b4 32. Ba5 b3 33. Kd3 Bh3 34. Kc3 Bxf5 35. Kb2 Kg6 36. Bc3 Kg5 37. Ka3 Bd7 38. Bb4 Kg4 39. Bf8 g5 40. Be7 f5 0-1

[Event "Verbandsliga Sued Baden 0506"]
[Site "Germany"]
[Date "2006.05.07"]
[Round "9.3"]
[White "Schulz, Wladimir"]
[Black "Berger, Hauke"]
[Result "1-0"]
[WhiteElo "2181"]
[BlackElo "1829"]
[PlyCount "91"]
[EventDate "2005.10.16"]
[EventType "team"]
[EventRounds "9"]
[EventCountry "GER"]
[SourceTitle "EXT 2007"]
[Source "ChessBase"]
[SourceDate "2006.11.23"]
[SourceVersion "1"]
[SourceVersionDate "2006.11.23"]
[SourceQuality "1"]
[WhiteTeam "Kehl"]
[BlackTeam "Villingen"]
[WhiteTeamCountry "GER"]
[BlackTeamCountry "GER"]

1. Nf3 d5 2. d4 c5 3. g3 cxd4 4. Bg2 Nf6 5. 0-0 Nc6 6. Nxd4 e6 7. c4 Bc5 8. Be3 Qb6 9. Nc2 0-0 10. Bxc5 Qxc5 11. cxd5 Nxd5 12. Nd2 Rd8 13. Nb3 Qe7 14. Qc1 e5 15. Ne3 Nxe3 16. Qxe3 Bd7 17. a3 Be8 18. Rfd1 b6 19. Bd5 Qf6 20. Rd3 Rd6 21. Rad1 Rad8 22. Qe4 g6 23. Qe3 Ne7 24. Be4 Ba4 25. Rxd6 Rxd6 26. Rxd6 Qxd6 27. Nd2 Bb5 28. Bd3 Bxd3 29. exd3 Nc6 30. Qe4 Qc5 31. Kg2 Kg7 32. Nc4 f6 33. b4 Qb5 34. Nd6 Qa4 35. Qd5 Nd8 36. b5 Kf8 37. Nc8 Nf7 38. Qa8 Kg7 39. Qxa7 Qb3 40. Qd7 Qxa3 41. Nxb6 Qd6 42. Qc6 Qxd3 43. Nd7 Nd6 44. Nc5 Qd1 45. Ne6+ Kh6 46. Qd7 1-0

[Event "Oberliga Baden 0001"]
[Site "Baden"]
[Date "2001.01.07"]
[Round "4.3"]
[White "Gerigk, Erasmus"]
[Black "Schulz, Wladimir"]
[Result "1-0"]
[WhiteElo "2300"]
[BlackElo "2192"]
[PlyCount "97"]
[EventDate "2000.10.15"]
[EventType "team"]
[EventRounds "9"]
[EventCountry "GER"]
[SourceTitle "EXT 2002"]
[Source "ChessBase"]
[SourceDate "2001.11.25"]
[SourceVersion "1"]
[SourceVersionDate "2001.11.25"]
[SourceQuality "1"]

1. e4 c5 2. Nf3 Nc6 3. d4 cxd4 4. Nxd4 g6 5. c4 Bg7 6. Nc2 Nh6 7. g4 d6 8. h3 f5 9. gxf5 0-0 10. fxg6 Qb6 11. Be3 Qxb2 12. Qd2 Nf5 13. exf5 Bxf5 14. Bd3 Ne5 15. Bxf5 Nf3+ 16. Kd1 Nxd2 17. Be6+ Kh8 18. Nxd2 Qe5 19. Bg4 Qa5 20. Rb1 Qxa2 21. h4 hxg6 22. h5 g5 23. Nd4 Rf4 24. Bxf4 gxf4 25. N4f3 d5 26. Be6 dxc4 27. Bxc4 Qa4+ 28. Ke2 Bf6 29. Rxb7 Qc6 30. Rhb1 a5 31. h6 a4 32. R1b6 Qc5 33. Bd3 Rd8 34. Ne4 Qa3 35. Bb1 Qc1 36. Nfd2 f3+ 37. Kxf3 Qh1+ 38. Ke2 Qh5+ 39. Nf3 Qxh6 40. Nxf6 Qc1 41. Bd3 exf6 42. Re6 a3 43. Ree7 a2 44. Nh4 Qg5 45. Rh7+ Kg8 46. Bc4+ Rd5 47. Bxd5+ Qxd5 48. Rbg7+ Kf8 49. Ng6+ 1-0